000 00513nam a2200181 i 4500
001 133090
003 ES-MaACL
005 20230906194325.0
007 t|
008 070214s1970 sp 0 ||||1| spa d
080 _a32(51)"19"
100 1 _aRubiales Moreno, Francisco.
_9100311
245 1 0 _aChina, nueva cultura /
_cFrancisco Rubiales Moreno.
260 _aAlgorta (Vizcaya) :
_bZero,
_c1970.
300 _a155 p. ;
_c20 cm.
651 4 _aChina-
_xPolĂ­tica y gobierno.
_98056
852 _aES-MaACL
_jC-48011
999 _c133090
_d133090